书目信息 |
| 题名: |
谋勇情幻指点人生:读《三国》领悟人生
|
|
| 作者: | 李盾 编著 | |
| 分册: | ||
| 出版信息: | 北京 中国纺织工业出版社 2000.06 |
|
| 页数: | 190页 | |
| 开本: | 32开 | |
| 丛书名: | ||
| 单 册: | ||
| 中图分类: | I207.413 | |
| 科图分类: | ||
| 主题词: | 文学--中国 | |
| 电子资源: | ||
| ISBN: | 7-5064-1823-1 | |
| 000 | 00596nam0 2200181 45 | |
| 001 | 0012061021 | |
| 005 | 20041010103429.68 | |
| 010 | @a7-5064-1823-1@dCNY 12.00 | |
| 100 | @a20001206d2000 km y0chiy0120 ea | |
| 101 | 0 | @achi |
| 200 | 1 | @a谋勇情幻指点人生:读《三国》领悟人生@AMou Yong Qing Huan Zhi Dian Ren Sheng:Du《San Guo》Ling Wu Ren Sheng@f李盾等编著@FLi Dun Deng Bian Zhu |
| 210 | @a北京@c中国纺织工业出版社@d2000.06 | |
| 215 | @a190页@d32开 | |
| 606 | 0 | @a文学@x中国 |
| 690 | @aI207.413@v3 | |
| 701 | 0 | @a李盾@4编著 |
| 801 | @aCN@bPftUser@c20041010 | |
| 905 | @dI207.413@eL.754@b313931-933@f3 | |
| 谋勇情幻指点人生:读《三国》领悟人生/李盾等编著.-北京:中国纺织工业出版社,2000.06 |
| 190页;32开 |
| ISBN 7-5064-1823-1:CNY 12.00 |
| ● |
| 相关链接 |
|
|
|
正题名:谋勇情幻指点人生:读《三国》领悟人生
索取号:I207.413/L.754
 
预约/预借
| 序号 | 登录号 | 条形码 | 馆藏地/架位号 | 状态 | 备注 |
| 1 | 313931 | 203139317 | 文学库108/108文学库 10排3列2层/ [索取号:I207.413/L.754] | 在馆 | |
| 2 | 313932 | 203139326 | 社科二线400B/400B社科库 22排4列2层/ [索取号:I207.413/L.754] | 在馆 | |
| 3 | 313933 | 203139335 | 社科二线422/422社科库 22排1列6层/ [索取号:I207.413/L.754] | 在馆 | |
| 4 | 398765 | 203987659 | 文学库108/108文学库 10排1列2层/ [索取号:I207.413/L.754] | 在馆 | |
| 5 | 398766 | 203987668 | 文学库108/108文学库 10排1列2层/ [索取号:I207.413/L.754] | 在馆 | |
| 6 | 398767 | 203987677 | 文学库108/108文学库 10排1列2层/ [索取号:I207.413/L.754] | 在馆 |